| 000 | 00739cam a2200253 4500 | ||
|---|---|---|---|
| 008 | 090401t1998 xxu||||| |||| 00| 0 eng d | ||
| 020 | _a0860174964 | ||
| 035 | _a(Sirsi) u89807 | ||
| 041 | _aeng | ||
| 050 | _a690.16 | ||
| 100 | _aGatfield, M.J. | ||
| 245 | _aScreeds, floorings and finishes - selection, construction and maintenance. | ||
| 260 |
_aLondon _bCIRIA _c1998 |
||
| 300 | _a406p. : ill. ; 30cm. | ||
| 350 | _a95 | ||
| 490 |
_aCIRIA Report _v184 |
||
| 650 | _aFLOORING | ||
| 650 | _aBUILT ENVIRONMENT-BUILDING MAINTENANCE AND REFURBISHMENT | ||
| 650 | _aSCREEDS | ||
| 690 | _aBUILT ENVIRONMENT | ||
| 710 |
_aConstruction Industry Research and Information Association _94810 |
||
| 942 | _n0 | ||
| 948 | _c19/11/1998 | ||
| 999 |
_c97505 _d97505 |
||